| 000 | 00000nam##2200000za#4500 |
| 001 | 9.601666 |
| 003 | CaOODSP |
| 005 | 20210624210200 |
| 007 | cr ||||||||||| |
| 008 | 150406|2002||||xxc|||||o f|0| 0 fre|d |
| 040 | |aCaOODSP|bfre |
| 043 | |an-cn--- |
| 086 | 1 |aYC2-1-0/371-5F-PDF |
| 110 | 1 |aCanada.|bSénat. |bComité spécial sur les Drogues illicites. |
| 245 | 13|aLe cannabis : |h[ressource électronique]|bpositions pour un régime de politique publique pour le Canada / |cPrésident : Pierre Claude Nolin ; Vice-président : Colin Kenny. |
| 246 | 3 |aRapport du Comité spécial du sénat sur les drogues illicites |
| 260 | |aOttawa - Ontario : |bSénat. |cSeptembre 2002. |
| 300 | |a258p., 244p., 252p., 98p.|bill. en couleur, figures, graphiques, références, tableaux, photographies |
| 490 | 1 |aRapport du Comité spécial du Sénat sur les drogues illicites|v[37e législature, 1e session, 5e rapport] |
| 500 | |aSommaires: Vol. I: Parties I et II -- Vol. II: Partie III -- Vol. III: Partie IV et Conclusions -- Vol. IV: Annexes. |
| 504 | |aBibliographie. |
| 590 | |a11-12-Supp|b2011-07-29 |
| 775 | 08|tCannabis : |w(CaOODSP)9.571023 |
| 830 | #0|aRapport du Comité spécial du Sénat sur les drogues illicites ;|v[37e législature, 1e session, 5e rapport]|w(CaOODSP)9.502805 |
| 856 | 40|ahttp://publications.gc.ca|qPDF|s1.16 Mo|uhttps://publications.gc.ca/collections/collection_2011/sen/yc2-1-0/YC2-1-0-371-5-1-fra.pdf |
| 856 | 40|ahttp://publications.gc.ca|qPDF|s297 Ko|uhttps://publications.gc.ca/collections/collection_2011/sen/yc2-1-0/YC2-1-0-371-5-4-fra.pdf |
| 856 | 40|ahttp://publications.gc.ca|qPDF|s1.07 Mo|uhttps://publications.gc.ca/collections/collection_2011/sen/yc2-1-0/YC2-1-0-371-5-3-fra.pdf |
| 856 | 40|ahttp://publications.gc.ca|qPDF|s1.16 Mo|uhttps://publications.gc.ca/collections/collection_2011/sen/yc2-1-0/YC2-1-0-371-5-2-fra.pdf|y[37e législature, 1e session, 5e rapport] |